| 000 | 00630nam a2200181 i 4500 | ||
|---|---|---|---|
| 001 | 52763 | ||
| 003 | ES-MaACL | ||
| 005 | 20230906162636.0 | ||
| 007 | t| | ||
| 008 | 030903s1913 sp ||||1| spa d | ||
| 110 | 1 |
_aMadrid. _bAyuntamiento _9234069 |
|
| 245 | 1 | 0 | _aReal Decreto reglamentando las funciones de la Delegación Regia de Primera Enseñanza y reorganizando la Junta Municipal. |
| 260 |
_aMadrid : _b[s.n.], _c1913 ( _fImp. Municipal) |
||
| 300 |
_a20 p. ; _c23 cm. |
||
| 650 | 4 |
_aEnseñanza primaria- _zEspaña- _yS.XX. _9168652 |
|
| 852 | 4 |
_aES-MaACL _jFoll-Laf-319 _z- Legado Modesto Lafuente |
|
| 999 |
_c52763 _d52763 |
||